[Event "DVM U20 2022"]
[Site "Münster GER"]
[Date "2022.12.27"]
[Round "1"]
[White "Schulz, Jannis"]
[Black "Seref, Erdogan"]
[Result "1/2-1/2"]
[Termination "normal"]
[Board "3.5"]
[WhiteElo "1731"]
[BlackElo "1987"]
[WhiteClock "00:04:54"]
[BlackClock "00:01:11"]
[WhiteTeam "Barnimer Schachfreunde im SV Stahl Finow e.V."]
[BlackTeam "Schachfreunde Brackel 1930 e. V."]
[PlyCount "122"]
[WhiteFideId "16224710"]
[BlackFideId "16206827"]
[EventCountry "GER"]
[EventRounds "7"]
[EventType "team-swiss"]
[EventDate "2022.12.26"]

1. e4 {[%clk 01:30:57]} {[%emt 00:00:02]} e5 {[%clk 01:30:39]} {[%emt
00:00:21]} 2. Nf3 {[%clk 01:31:20]} {[%emt 00:00:08]} Nf6 {[%clk 01:30:48]}
{[%emt 00:00:21]} 3. Nc3 {[%clk 01:31:07]} {[%emt 00:00:44]} Nc6 {[%clk
01:30:33]} {[%emt 00:00:45]} 4. Bc4 {[%clk 01:30:20]} {[%emt 00:01:16]} Nxe4
{[%clk 01:28:48]} {[%emt 00:02:16]} 5. Nxe4 {[%clk 01:25:23]} {[%emt 00:05:27]}
d5 {[%clk 01:28:48]} {[%emt 00:00:29]} 6. Qe2 {[%clk 01:25:40]} {[%emt
00:00:13]} dxc4 {[%clk 01:27:22]} {[%emt 00:01:56]} 7. Qxc4 {[%clk 01:22:27]}
{[%emt 00:03:44]} Be6 {[%clk 01:27:05]} {[%emt 00:00:47]} 8. Qb5 {[%clk
01:19:15]} {[%emt 00:03:42]} Bd5 {[%clk 01:12:16]} {[%emt 00:15:19]} 9. Qe2
{[%clk 01:13:45]} {[%emt 00:06:00]} Be7 {[%clk 01:06:12]} {[%emt 00:06:34]} 10.
O-O {[%clk 01:10:00]} {[%emt 00:04:16]} O-O {[%clk 01:01:32]} {[%emt 00:05:10]}
11. d3 {[%clk 01:05:13]} {[%emt 00:05:17]} Qd7 {[%clk 00:51:25]} {[%emt
00:10:36]} 12. Be3 {[%clk 00:57:51]} {[%emt 00:07:54]} Qg4 {[%clk 00:49:10]}
{[%emt 00:02:45]} 13. h3 {[%clk 00:53:27]} {[%emt 00:04:54]} Qg6 {[%clk
00:44:55]} {[%emt 00:04:44]} 14. Nc3 {[%clk 00:39:37]} {[%emt 00:14:21]} Be6
{[%clk 00:44:47]} {[%emt 00:00:39]} 15. Kh1 {[%clk 00:38:13]} {[%emt 00:01:52]}
Rad8 {[%clk 00:36:12]} {[%emt 00:09:05]} 16. Bd2 {[%clk 00:34:15]} {[%emt
00:04:28]} Qf5 {[%clk 00:28:43]} {[%emt 00:08:00]} 17. Rfe1 {[%clk 00:26:07]}
{[%emt 00:08:38]} Nd4 {[%clk 00:25:37]} {[%emt 00:03:36]} 18. Nxd4 {[%clk
00:24:28]} {[%emt 00:02:09]} exd4 {[%clk 00:25:52]} {[%emt 00:00:14]} 19. Ne4
{[%clk 00:24:30]} {[%emt 00:00:28]} Qb5 {[%clk 00:21:10]} {[%emt 00:05:12]} 20.
b3 {[%clk 00:23:27]} {[%emt 00:01:34]} Qd5 {[%clk 00:18:02]} {[%emt 00:03:38]}
21. Qf3 {[%clk 00:19:32]} {[%emt 00:04:26]} Rfe8 {[%clk 00:15:52]} {[%emt
00:02:40]} 22. Qg3 {[%clk 00:17:25]} {[%emt 00:02:37]} Kh8 {[%clk 00:16:02]}
{[%emt 00:00:20]} 23. Ng5 {[%clk 00:15:30]} {[%emt 00:02:22]} Bxg5 {[%clk
00:14:13]} {[%emt 00:02:22]} 24. Bxg5 {[%clk 00:15:00]} {[%emt 00:01:00]} f6
{[%clk 00:11:18]} {[%emt 00:03:25]} 25. Bd2 {[%clk 00:12:10]} {[%emt 00:03:21]}
Qc5 {[%clk 00:11:09]} {[%emt 00:00:39]} 26. Rac1 {[%clk 00:11:28]} {[%emt
00:01:13]} Bd5 {[%clk 00:08:12]} {[%emt 00:03:27]} 27. f3 {[%clk 00:11:06]}
{[%emt 00:00:51]} a5 {[%clk 00:07:38]} {[%emt 00:01:05]} 28. a4 {[%clk
00:11:08]} {[%emt 00:00:28]} b6 {[%clk 00:07:09]} {[%emt 00:00:59]} 29. Qf2
{[%clk 00:10:43]} {[%emt 00:00:55]} Bf7 {[%clk 00:06:06]} {[%emt 00:01:32]} 30.
Bf4 {[%clk 00:09:13]} {[%emt 00:02:00]} Qc3 {[%clk 00:04:21]} {[%emt 00:02:15]}
31. Qd2 {[%clk 00:06:35]} {[%emt 00:03:09]} Qc5 {[%clk 00:03:33]} {[%emt
00:01:17]} 32. Bg3 {[%clk 00:06:42]} {[%emt 00:00:23]} Bg6 {[%clk 00:01:22]}
{[%emt 00:02:41]} 33. Rxe8 {[%clk 00:05:15]} {[%emt 00:01:58]} Rxe8 {[%clk
00:01:42]} {[%emt 00:00:10]} 34. Re1 {[%clk 00:05:27]} {[%emt 00:00:18]} Rxe1
{[%clk 00:00:58]} {[%emt 00:01:14]} 35. Bxe1 {[%clk 00:05:49]} {[%emt
00:00:08]} Qe5 {[%clk 00:00:41]} {[%emt 00:00:46]} 36. Bf2 {[%clk 00:05:38]}
{[%emt 00:00:42]} Kg8 {[%clk 00:00:36]} {[%emt 00:00:35]} 37. Qe1 {[%clk
00:01:42]} {[%emt 00:04:27]} Kf7 {[%clk 00:00:39]} {[%emt 00:00:26]} 38. Bg3
{[%clk 00:01:31]} {[%emt 00:00:41]} Qxe1 {[%clk 00:00:43]} {[%emt 00:00:26]}
39. Bxe1 {[%clk 00:01:54]} {[%emt 00:00:07]} Ke6 {[%clk 00:00:55]} {[%emt
00:00:17]} 40. Bg3 {[%clk 00:02:07]} {[%emt 00:00:18]} Kd7 {[%clk 00:01:13]}
{[%emt 00:00:11]} 41. Bf2 {[%clk 00:02:17]} {[%emt 00:00:20]} c5 {[%clk
00:01:38]} {[%emt 00:00:05]} 42. Bg3 {[%clk 00:02:38]} {[%emt 00:00:11]} Kc6
{[%clk 00:27:41]} {[%emt 00:04:26]} 43. Be1 {[%clk 00:27:59]} {[%emt 00:05:09]}
b5 {[%clk 00:16:30]} {[%emt 00:11:41]} 44. Bxa5 {[%clk 00:25:50]} {[%emt
00:02:38]} c4 {[%clk 00:13:07]} {[%emt 00:03:53]} 45. bxc4 {[%clk 00:12:07]}
{[%emt 00:14:13]} bxc4 {[%clk 00:06:33]} {[%emt 00:07:05]} 46. c3 {[%clk
00:09:09]} {[%emt 00:03:27]} cxd3 {[%clk 00:03:32]} {[%emt 00:03:30]} 47. cxd4
{[%clk 00:09:31]} {[%emt 00:00:09]} Kd5 {[%clk 00:03:48]} {[%emt 00:00:14]} 48.
Bd2 {[%clk 00:08:30]} {[%emt 00:01:31]} Kc4 {[%clk 00:02:49]} {[%emt 00:01:31]}
49. Kg1 {[%clk 00:06:27]} {[%emt 00:02:32]} Kb3 {[%clk 00:01:20]} {[%emt
00:01:59]} 50. Kf2 {[%clk 00:06:01]} {[%emt 00:00:57]} Kxa4 {[%clk 00:01:17]}
{[%emt 00:00:33]} 51. Ke3 {[%clk 00:05:22]} {[%emt 00:01:09]} Kb5 {[%clk
00:01:24]} {[%emt 00:00:22]} 52. f4 {[%clk 00:05:02]} {[%emt 00:00:51]} h5
{[%clk 00:01:29]} {[%emt 00:00:25]} 53. h4 {[%clk 00:03:56]} {[%emt 00:01:37]}
Kc4 {[%clk 00:01:41]} {[%emt 00:00:17]} 54. g3 {[%clk 00:03:42]} {[%emt
00:00:44]} Bf5 {[%clk 00:01:47]} {[%emt 00:00:24]} 55. Ba5 {[%clk 00:04:01]}
{[%emt 00:00:11]} Kd5 {[%clk 00:01:28]} {[%emt 00:00:49]} 56. Bb4 {[%clk
00:03:55]} {[%emt 00:00:36]} Be4 {[%clk 00:01:46]} {[%emt 00:00:12]} 57. Ba5
{[%clk 00:04:15]} {[%emt 00:00:10]} g6 {[%clk 00:01:42]} {[%emt 00:00:34]} 58.
Bb4 {[%clk 00:04:34]} {[%emt 00:00:12]} f5 {[%clk 00:02:06]} {[%emt 00:00:05]}
59. Ba5 {[%clk 00:04:57]} {[%emt 00:00:07]} Kc4 {[%clk 00:02:05]} {[%emt
00:00:31]} 60. Be1 {[%clk 00:05:07]} {[%emt 00:00:21]} Kd5 {[%clk 00:01:01]}
{[%emt 00:01:34]} 61. Ba5 {[%clk 00:04:54]} {[%emt 00:00:43]} Kc4 {[%clk
00:01:11]} {[%emt 00:00:20]} 1/2-1/2

[Event "DVM U20 2022"]
[Site "Münster GER"]
[Date "2022.12.27"]
[Round "1"]
[White "Stelmaszyk, Nico"]
[Black "Schubert, Nikita"]
[Result "1-0"]
[Termination "normal"]
[Board "4.1"]
[WhiteTitle "FM"]
[WhiteElo "2368"]
[BlackElo "1939"]
[WhiteClock "00:02:14"]
[BlackClock "00:00:46"]
[WhiteTeam "SK Lehrte von 1919 e. V."]
[BlackTeam "ESV Gera"]
[PlyCount "101"]
[WhiteFideId "16200462"]
[BlackFideId "16212339"]
[EventCountry "GER"]
[EventRounds "7"]
[EventType "team-swiss"]
[EventDate "2022.12.26"]

1. e4 {[%clk 01:30:57]} {[%emt 00:00:02]} e5 {[%clk 01:30:48]} {[%emt
00:00:13]} 2. Nf3 {[%clk 01:31:23]} {[%emt 00:00:04]} Nc6 {[%clk 01:31:10]}
{[%emt 00:00:08]} 3. Bc4 {[%clk 01:31:49]} {[%emt 00:00:05]} Bc5 {[%clk
01:31:26]} {[%emt 00:00:13]} 4. c3 {[%clk 01:32:12]} {[%emt 00:00:06]} Nf6
{[%clk 01:31:45]} {[%emt 00:00:11]} 5. d4 {[%clk 01:32:36]} {[%emt 00:00:06]}
exd4 {[%clk 01:32:03]} {[%emt 00:00:13]} 6. cxd4 {[%clk 01:33:00]} {[%emt
00:00:05]} Bb4 {[%clk 01:32:17]} {[%emt 00:00:17]} 7. Nbd2 {[%clk 01:33:23]}
{[%emt 00:00:07]} d5 {[%clk 01:24:59]} {[%emt 00:07:48]} 8. exd5 {[%clk
01:33:47]} {[%emt 00:00:06]} Nxd5 {[%clk 01:25:05]} {[%emt 00:00:24]} 9. O-O
{[%clk 01:34:10]} {[%emt 00:00:07]} O-O {[%clk 01:21:16]} {[%emt 00:04:20]} 10.
a3 {[%clk 01:34:34]} {[%emt 00:00:06]} Bxd2 {[%clk 01:09:35]} {[%emt 00:12:11]}
11. Bxd2 {[%clk 01:34:57]} {[%emt 00:00:06]} Bg4 {[%clk 01:06:32]} {[%emt
00:03:34]} 12. h3 {[%clk 01:35:19]} {[%emt 00:00:08]} Bh5 {[%clk 01:06:41]}
{[%emt 00:00:21]} 13. g4 {[%clk 01:35:39]} {[%emt 00:00:10]} Bg6 {[%clk
01:06:25]} {[%emt 00:00:46]} 14. Re1 {[%clk 01:35:57]} {[%emt 00:00:12]} Qd6
{[%clk 00:56:51]} {[%emt 00:10:04]} 15. Qb3 {[%clk 01:36:06]} {[%emt 00:00:21]}
Nf4 {[%clk 00:46:24]} {[%emt 00:10:58]} 16. d5 {[%clk 01:34:09]} {[%emt
00:02:26]} b5 {[%clk 00:25:53]} {[%emt 00:21:01]} 17. Bxb5 {[%clk 01:02:55]}
{[%emt 00:31:44]} Nxd5 {[%clk 00:25:08]} {[%emt 00:01:16]} 18. Rad1 {[%clk
00:54:31]} {[%emt 00:08:54]} Rab8 {[%clk 00:13:27]} {[%emt 00:12:12]} 19. Bg5
{[%clk 00:48:04]} {[%emt 00:06:56]} a6 {[%clk 00:06:15]} {[%emt 00:07:41]} 20.
Rxd5 {[%clk 00:41:43]} {[%emt 00:06:52]} Rxb5 {[%clk 00:06:21]} {[%emt
00:00:24]} 21. Rxb5 {[%clk 00:41:49]} {[%emt 00:00:23]} axb5 {[%clk 00:06:48]}
{[%emt 00:00:03]} 22. Qxb5 {[%clk 00:40:51]} {[%emt 00:01:28]} Bd3 {[%clk
00:06:05]} {[%emt 00:01:14]} 23. Qa4 {[%clk 00:38:22]} {[%emt 00:02:58]} h6
{[%clk 00:05:07]} {[%emt 00:01:29]} 24. Bf4 {[%clk 00:34:48]} {[%emt 00:04:03]}
Qd5 {[%clk 00:04:06]} {[%emt 00:01:31]} 25. Re3 {[%clk 00:32:48]} {[%emt
00:02:30]} Rb8 {[%clk 00:01:01]} {[%emt 00:03:35]} 26. Qd1 {[%clk 00:22:00]}
{[%emt 00:11:18]} Be4 {[%clk 00:00:35]} {[%emt 00:00:57]} 27. Qxd5 {[%clk
00:22:18]} {[%emt 00:00:12]} Bxd5 {[%clk 00:01:03]} {[%emt 00:00:01]} 28. b4
{[%clk 00:22:34]} {[%emt 00:00:14]} Rb7 {[%clk 00:00:54]} {[%emt 00:00:39]} 29.
Rc3 {[%clk 00:20:16]} {[%emt 00:02:47]} g5 {[%clk 00:00:33]} {[%emt 00:00:52]}
30. Bg3 {[%clk 00:19:17]} {[%emt 00:01:29]} Kh7 {[%clk 00:00:37]} {[%emt
00:00:27]} 31. Nd2 {[%clk 00:18:57]} {[%emt 00:00:49]} Kg6 {[%clk 00:00:38]}
{[%emt 00:00:30]} 32. Rc5 {[%clk 00:19:13]} {[%emt 00:00:13]} Ne7 {[%clk
00:00:34]} {[%emt 00:00:34]} 33. Bxc7 {[%clk 00:15:52]} {[%emt 00:03:51]} f5
{[%clk 00:00:50]} {[%emt 00:00:14]} 34. Bd6 {[%clk 00:14:47]} {[%emt 00:01:34]}
Be6 {[%clk 00:00:49]} {[%emt 00:00:31]} 35. Bxe7 {[%clk 00:06:54]} {[%emt
00:08:23]} Rxe7 {[%clk 00:01:17]} {[%emt 00:00:03]} 36. Nc4 {[%clk 00:06:38]}
{[%emt 00:00:45]} fxg4 {[%clk 00:00:59]} {[%emt 00:00:49]} 37. Ne5 {[%clk
00:06:57]} {[%emt 00:00:11]} Kh5 {[%clk 00:00:58]} {[%emt 00:00:31]} 38. hxg4
{[%clk 00:07:19]} {[%emt 00:00:08]} Bxg4 {[%clk 00:01:04]} {[%emt 00:00:24]}
39. b5 {[%clk 00:06:26]} {[%emt 00:01:22]} Bf5 {[%clk 00:00:44]} {[%emt
00:00:50]} 40. f3 {[%clk 00:05:54]} {[%emt 00:01:02]} Kh4 {[%clk 00:00:43]}
{[%emt 00:00:32]} 41. Kf2 {[%clk 00:05:53]} {[%emt 00:00:30]} h5 {[%clk
00:28:56]} {[%emt 00:02:17]} 42. f4 {[%clk 00:24:53]} {[%emt 00:11:31]} g4
{[%clk 00:21:20]} {[%emt 00:08:06]} 43. Rc3 {[%clk 00:16:13]} {[%emt 00:09:09]}
Rb7 {[%clk 00:15:50]} {[%emt 00:06:00]} 44. a4 {[%clk 00:13:29]} {[%emt
00:03:15]} Ra7 {[%clk 00:15:47]} {[%emt 00:00:33]} 45. Rc4 {[%clk 00:09:30]}
{[%emt 00:04:30]} Ra8 {[%clk 00:15:52]} {[%emt 00:00:24]} 46. b6 {[%clk
00:08:19]} {[%emt 00:01:41]} Rd8 {[%clk 00:15:51]} {[%emt 00:00:30]} 47. Ke3
{[%clk 00:08:00]} {[%emt 00:00:50]} Rd1 {[%clk 00:10:54]} {[%emt 00:05:27]} 48.
Rb4 {[%clk 00:07:23]} {[%emt 00:01:06]} g3 {[%clk 00:05:25]} {[%emt 00:06:00]}
49. Nf3 {[%clk 00:06:53]} {[%emt 00:01:00]} Kh3 {[%clk 00:01:23]} {[%emt
00:04:32]} 50. Ke2 {[%clk 00:02:28]} {[%emt 00:04:55]} g2 {[%clk 00:00:46]}
{[%emt 00:01:06]} 51. Kxd1 {[%clk 00:02:14]} {[%emt 00:01:05]} 1-0

[Event "DVM U20 2022"]
[Site "Münster GER"]
[Date "2022.12.27"]
[Round "1"]
[White "Helmsdorf, Marius"]
[Black "Meiwes, Thore"]
[Result "1-0"]
[Termination "normal"]
[Board "4.2"]
[WhiteElo "1657"]
[BlackElo "2081"]
[WhiteClock "00:02:09"]
[BlackClock "00:01:06"]
[WhiteTeam "ESV Gera"]
[BlackTeam "SK Lehrte von 1919 e. V."]
[PlyCount "73"]
[WhiteFideId "16274873"]
[BlackFideId "16201256"]
[EventCountry "GER"]
[EventRounds "7"]
[EventType "team-swiss"]
[EventDate "2022.12.26"]

1. d4 {[%clk 01:30:57]} {[%emt 00:00:02]} Nf6 {[%clk 01:30:58]} {[%emt
00:00:02]} 2. Nc3 {[%clk 01:31:24]} {[%emt 00:00:04]} d5 {[%clk 01:31:19]}
{[%emt 00:00:09]} 3. Bf4 {[%clk 01:31:50]} {[%emt 00:00:04]} c5 {[%clk
01:31:44]} {[%emt 00:00:05]} 4. e4 {[%clk 01:32:18]} {[%emt 00:00:03]} Nxe4
{[%clk 01:32:02]} {[%emt 00:00:10]} 5. Nxe4 {[%clk 01:32:43]} {[%emt 00:00:05]}
dxe4 {[%clk 01:32:23]} {[%emt 00:00:09]} 6. dxc5 {[%clk 01:33:10]} {[%emt
00:00:04]} Nd7 {[%clk 01:32:39]} {[%emt 00:00:13]} 7. Qd4 {[%clk 01:24:11]}
{[%emt 00:09:29]} e6 {[%clk 01:24:15]} {[%emt 00:08:53]} 8. Bd6 {[%clk
01:23:17]} {[%emt 00:01:25]} Qf6 {[%clk 01:18:37]} {[%emt 00:06:07]} 9. Qb4
{[%clk 01:15:44]} {[%emt 00:08:04]} Bxd6 {[%clk 01:10:15]} {[%emt 00:08:51]}
10. cxd6 {[%clk 01:16:08]} {[%emt 00:00:07]} O-O {[%clk 01:10:27]} {[%emt
00:00:16]} 11. Ne2 {[%clk 01:11:18]} {[%emt 00:05:20]} Qe5 {[%clk 01:02:17]}
{[%emt 00:08:40]} 12. Nc3 {[%clk 01:08:28]} {[%emt 00:03:21]} e3 {[%clk
00:52:44]} {[%emt 00:10:03]} 13. f4 {[%clk 01:06:16]} {[%emt 00:02:42]} a5
{[%clk 00:51:05]} {[%emt 00:02:09]} 14. Qe4 {[%clk 01:01:58]} {[%emt 00:04:48]}
Qxd6 {[%clk 00:47:37]} {[%emt 00:03:57]} 15. Bd3 {[%clk 00:58:45]} {[%emt
00:03:44]} Nf6 {[%clk 00:47:22]} {[%emt 00:00:44]} 16. Qxe3 {[%clk 00:59:03]}
{[%emt 00:00:13]} Bd7 {[%clk 00:47:07]} {[%emt 00:00:45]} 17. O-O-O {[%clk
00:49:23]} {[%emt 00:10:11]} Qc7 {[%clk 00:39:45]} {[%emt 00:07:50]} 18. Rhg1
{[%clk 00:39:46]} {[%emt 00:10:08]} a4 {[%clk 00:36:55]} {[%emt 00:03:21]} 19.
a3 {[%clk 00:38:54]} {[%emt 00:01:22]} b5 {[%clk 00:29:47]} {[%emt 00:07:37]}
20. Bxb5 {[%clk 00:29:55]} {[%emt 00:09:30]} Bxb5 {[%clk 00:29:52]} {[%emt
00:00:24]} 21. Nxb5 {[%clk 00:30:19]} {[%emt 00:00:07]} Qc4 {[%clk 00:30:12]}
{[%emt 00:00:08]} 22. Nc3 {[%clk 00:26:53]} {[%emt 00:03:57]} Rfc8 {[%clk
00:27:45]} {[%emt 00:02:57]} 23. Rd4 {[%clk 00:24:19]} {[%emt 00:03:03]} Qc6
{[%clk 00:25:41]} {[%emt 00:02:34]} 24. Qd3 {[%clk 00:23:18]} {[%emt 00:01:31]}
Rab8 {[%clk 00:14:19]} {[%emt 00:11:52]} 25. g3 {[%clk 00:17:28]} {[%emt
00:06:20]} g6 {[%clk 00:12:26]} {[%emt 00:02:22]} 26. Rd1 {[%clk 00:15:58]}
{[%emt 00:02:00]} Ng4 {[%clk 00:10:54]} {[%emt 00:02:02]} 27. Qe2 {[%clk
00:13:13]} {[%emt 00:03:16]} Nf6 {[%clk 00:08:41]} {[%emt 00:02:43]} 28. Qd2
{[%clk 00:06:56]} {[%emt 00:06:48]} h5 {[%clk 00:06:30]} {[%emt 00:02:40]} 29.
Rxa4 {[%clk 00:05:30]} {[%emt 00:01:58]} Kh7 {[%clk 00:04:29]} {[%emt
00:02:30]} 30. Rb4 {[%clk 00:04:35]} {[%emt 00:01:26]} Rxb4 {[%clk 00:04:12]}
{[%emt 00:00:46]} 31. axb4 {[%clk 00:05:01]} {[%emt 00:00:05]} Qa8 {[%clk
00:03:13]} {[%emt 00:01:29]} 32. Kb1 {[%clk 00:02:52]} {[%emt 00:02:39]} Qa6
{[%clk 00:01:56]} {[%emt 00:01:47]} 33. b5 {[%clk 00:02:53]} {[%emt 00:00:29]}
Qb7 {[%clk 00:01:44]} {[%emt 00:00:41]} 34. Qd4 {[%clk 00:03:08]} {[%emt
00:00:14]} Ng8 {[%clk 00:00:53]} {[%emt 00:01:22]} 35. Ne4 {[%clk 00:02:33]}
{[%emt 00:01:05]} Qe7 {[%clk 00:00:37]} {[%emt 00:00:45]} 36. Ng5 {[%clk
00:02:09]} {[%emt 00:00:54]} Kh6 {[%clk 00:01:06]} {[%emt 00:00:02]} 37. Qh8#
{[%emt 00:00:11]} 1-0

[Event "DVM U20 2022"]
[Site "Münster GER"]
[Date "2022.12.27"]
[Round "1"]
[White "Reimer, Philip"]
[Black "Frank, Marek"]
[Result "1-0"]
[Termination "normal"]
[Board "4.3"]
[WhiteElo "2144"]
[BlackElo "1500"]
[WhiteClock "00:01:00"]
[BlackClock "00:07:38"]
[WhiteTeam "SK Lehrte von 1919 e. V."]
[BlackTeam "ESV Gera"]
[PlyCount "71"]
[WhiteFideId "16235860"]
[BlackFideId "16239520"]
[EventCountry "GER"]
[EventRounds "7"]
[EventType "team-swiss"]
[EventDate "2022.12.26"]

1. e4 {[%clk 01:30:53]} {[%emt 00:00:06]} e5 {[%clk 01:30:49]} {[%emt
00:00:12]} 2. Nf3 {[%clk 01:31:11]} {[%emt 00:00:12]} Nf6 {[%clk 01:30:58]}
{[%emt 00:00:21]} 3. Nxe5 {[%clk 01:26:20]} {[%emt 00:05:20]} d6 {[%clk
01:31:03]} {[%emt 00:00:26]} 4. Nf3 {[%clk 01:26:22]} {[%emt 00:00:28]} Nxe4
{[%clk 01:31:24]} {[%emt 00:00:09]} 5. d4 {[%clk 01:26:37]} {[%emt 00:00:15]}
d5 {[%clk 01:31:50]} {[%emt 00:00:05]} 6. Bd3 {[%clk 01:25:16]} {[%emt
00:01:50]} Bd6 {[%clk 01:32:14]} {[%emt 00:00:06]} 7. c4 {[%clk 01:23:30]}
{[%emt 00:02:16]} c6 {[%clk 01:31:07]} {[%emt 00:01:37]} 8. O-O {[%clk
01:23:08]} {[%emt 00:00:51]} O-O {[%clk 01:31:33]} {[%emt 00:00:05]} 9. Qc2
{[%clk 01:15:42]} {[%emt 00:07:56]} f5 {[%clk 01:25:48]} {[%emt 00:06:14]} 10.
Nc3 {[%clk 01:13:58]} {[%emt 00:02:14]} Be6 {[%clk 01:20:38]} {[%emt 00:05:40]}
11. b3 {[%clk 00:59:25]} {[%emt 00:15:04]} Na6 {[%clk 01:15:05]} {[%emt
00:06:03]} 12. a3 {[%clk 00:59:08]} {[%emt 00:00:46]} Nc7 {[%clk 01:13:28]}
{[%emt 00:02:08]} 13. Re1 {[%clk 00:48:14]} {[%emt 00:11:24]} Qe8 {[%clk
01:07:15]} {[%emt 00:06:42]} 14. c5 {[%clk 00:42:29]} {[%emt 00:06:15]} Be7
{[%clk 01:07:39]} {[%emt 00:00:06]} 15. Bf4 {[%clk 00:40:51]} {[%emt 00:02:08]}
Bd8 {[%clk 01:05:15]} {[%emt 00:02:53]} 16. Be5 {[%clk 00:38:40]} {[%emt
00:02:42]} Qg6 {[%clk 00:58:00]} {[%emt 00:07:44]} 17. b4 {[%clk 00:36:55]}
{[%emt 00:02:16]} Ne8 {[%clk 00:56:38]} {[%emt 00:01:53]} 18. Reb1 {[%clk
00:27:04]} {[%emt 00:10:21]} N8f6 {[%clk 00:53:43]} {[%emt 00:03:24]} 19. b5
{[%clk 00:25:38]} {[%emt 00:01:56]} Ng4 {[%clk 00:51:34]} {[%emt 00:02:39]} 20.
Nd1 {[%clk 00:25:56]} {[%emt 00:00:13]} Bf6 {[%clk 00:45:56]} {[%emt 00:06:08]}
21. Bxf6 {[%clk 00:20:56]} {[%emt 00:05:29]} Ngxf6 {[%clk 00:46:17]} {[%emt
00:00:09]} 22. bxc6 {[%clk 00:21:01]} {[%emt 00:00:25]} bxc6 {[%clk 00:46:46]}
{[%emt 00:00:02]} 23. Ne5 {[%clk 00:20:47]} {[%emt 00:00:44]} Qg5 {[%clk
00:40:40]} {[%emt 00:06:35]} 24. f3 {[%clk 00:09:15]} {[%emt 00:12:03]} Nh5
{[%clk 00:37:52]} {[%emt 00:03:18]} 25. fxe4 {[%clk 00:06:13]} {[%emt
00:03:32]} fxe4 {[%clk 00:38:16]} {[%emt 00:00:06]} 26. Ba6 {[%clk 00:04:14]}
{[%emt 00:02:28]} Rf6 {[%clk 00:26:19]} {[%emt 00:12:27]} 27. Rb2 {[%clk
00:03:35]} {[%emt 00:01:09]} Raf8 {[%clk 00:25:14]} {[%emt 00:01:34]} 28. Qc3
{[%clk 00:02:04]} {[%emt 00:02:01]} Bc8 {[%clk 00:23:42]} {[%emt 00:02:02]} 29.
Be2 {[%clk 00:00:48]} {[%emt 00:01:47]} Nf4 {[%clk 00:23:34]} {[%emt 00:00:39]}
30. g3 {[%clk 00:00:37]} {[%emt 00:00:41]} Nxe2 {[%clk 00:11:48]} {[%emt
00:12:16]} 31. Rxe2 {[%clk 00:01:05]} {[%emt 00:00:02]} Qh5 {[%clk 00:12:06]}
{[%emt 00:00:10]} 32. Rf2 {[%clk 00:00:40]} {[%emt 00:00:56]} Bh3 {[%clk
00:11:33]} {[%emt 00:01:04]} 33. Qe3 {[%clk 00:00:37]} {[%emt 00:00:33]} g5
{[%clk 00:10:49]} {[%emt 00:01:14]} 34. Rxf6 {[%clk 00:00:47]} {[%emt
00:00:20]} Rxf6 {[%clk 00:11:17]} {[%emt 00:00:01]} 35. Nf2 {[%clk 00:01:05]}
{[%emt 00:00:13]} g4 {[%clk 00:07:38]} {[%emt 00:04:10]} 36. Rb1 {[%clk
00:01:00]} {[%emt 00:00:34]} 1-0